00488nam a2200181Ia 4500003000400000005001700004008004100021020001800062040002900080050002300109100001600132245003500148260002800183300002600211650002600237700002100263700002200284OSt20230414130101.0221221s9999 xx 000 0 und d a9780333510094 cChuka University Library aLB 1049 bM88 1992 aMutua,R W , 0aStudy and communication skills aMacmillanbLondonc1992 a123 PbIncludes Index acommunication skills  a. Otiende. J. E. a Omulanda, S. J.